Central Library OPAC University of Rajshahi

The sources and nature of the statistics of the United Kingdom / (Record no. 35683)

MARC details
000 -LEADER
fixed length control field 00866nam a2200241 a 4500
001 - CONTROL NUMBER
control field 35683
003 - CONTROL NUMBER IDENTIFIER
rucl marc code BD-RjUL
005 - DATE AND TIME OF LATEST TRANSACTION
control field 20211209052349.0
008 - FIXED-LENGTH DATA ELEMENTS--GENERAL INFORMATION
fixed length control field 140529m1952 enka b 000 0 eng
035 ## - SYSTEM CONTROL NUMBER
System control number (BD-RjUL)35778
040 ## - CATALOGING SOURCE
Original cataloging agency DLC
Transcribing agency DLC
Modifying agency m.c
Language of cataloging eng
041 ## - LANGUAGE CODE
Language code of text/sound track or separate title eng
082 ## - DEWEY DECIMAL CLASSIFICATION NUMBER
Classification number 519.5
Author mark and year KES V-1 1952
100 1# - MAIN ENTRY--PERSONAL NAME
Personal name Kendall, Maurice G.
Fuller form of name (Maurice George),
Dates associated with a name 1907-1983.
9 (RLIN) 168
245 14 - TITLE STATEMENT
Title The sources and nature of the statistics of the United Kingdom /
Statement of responsibility, etc. edited for the Council of the Royal Statistical Society
Number of part/section of a work VOLUME ONE
260 ## - PUBLICATION, DISTRIBUTION, ETC. (IMPRINT)
Place of publication, distribution, etc. London :
Name of publisher, distributor, etc. Published for the Royal statistical Society by Oliver and Boyd,
Date of publication, distribution, etc. 1957
300 ## - PHYSICAL DESCRIPTION
Pagination viii ,352 p. :
Illustrations ill. ;
Size 26 cm
504 ## - BIBLIOGRAPHY, ETC. NOTE
Bibliography, etc Includes bibliographies
651 #0 - SUBJECT ADDED ENTRY--GEOGRAPHIC NAME
Geographic name Great Britain
Form subdivision Statistics
9 (RLIN) 6282
710 2# - ADDED ENTRY--CORPORATE NAME
Corporate name or jurisdiction name as entry element Royal Statistical Society (Great Britain)
9 (RLIN) 1178
942 ## - ADDED ENTRY ELEMENTS (KOHA)
Source of classification or shelving scheme Dewey Decimal Classification
Koha item type Books
Holdings
Lost status Source of classification or shelving scheme Damaged status Not for loan Collection code Permanent Location Current Location Shelving location Date acquired Source of acquisition Cost, normal purchase price Total Checkouts Full call number Date last seen Copy number Koha item type
  Dewey Decimal Classification   Not For Loan Non-fiction Central Library, University of Rajshahi Central Library, University of Rajshahi Reading Room 06/02/1963 zeetlinger 30.00   519.5 KES V-1 1952 29/05/2014 C-1 Books